| 000 | 00453nam a2200169Ia 4500 | ||
|---|---|---|---|
| 005 | 20250508151402.0 | ||
| 008 | 008 250505s9999 xx 000 0 eng d | ||
| 037 | _aTextual | ||
| 040 |
_aFEDL _beng _cFEDL |
||
| 041 |
_aeng _2eng |
||
| 084 |
_a371.6791, HEA _qFEDL |
||
| 100 |
_aHeaton P R _9759013 |
||
| 245 | 0 | _aGeography room in a secondary school | |
| 300 | _a20p. | ||
| 942 |
_cTEXL _h371.6791, HEA |
||
| 999 |
_c1329435 _d1329435 |
||